000 00703nam a2200217Ia 4500
005 20241129110204.0
008 241129s9999||||xx |||||||||||||| ||und||
020 _a9780143454878
037 _aTB
040 _aARTS
_bhin
_cARTS
041 _ahin
_2hin
084 _aO152,3M90,VA L2
_qARTS
100 _aगुरूदत्त, ले.
245 0 _aवनवासी
_cगुरूदत्त, ले.
260 _aगुड़गांव, भारत
_bगुड़गांव हिन्द पॉकेट बुक्स
_c1988
300 _a157पृ0
365 _aINR
_b175
650 _aHindi Fiction
942 _cTB
_hO152,3M90,VA L2
999 _c1227658
_d1227658